[Event "Remote Easter Gr.A email"]
[Site "Remote email"]
[Date "2014.05.01"]
[Round "?"]
[White "Tortoza, Carlos Alberto"]
[Black "Meyer, Peter"]
[Result "0-1"]
[WhiteElo "1632"]
[BlackElo "1973"]
[PlyCount "138"]
[EventDate "2014.??.??"]
[EventType "tourn (corr)"]
[EventRounds "8"]
[EventCountry "GER"]
[SourceTitle "Corr 2015"]
[Source "ChessBase"]
[SourceDate "2015.07.17"]
[SourceVersion "1"]
[SourceVersionDate "2015.07.17"]
[SourceQuality "1"]

1. e4 c6 2. d4 d5 3. Bd3 dxe4 4. Bxe4 Nf6 5. Bf3 Nbd7 6. Ne2 e6 7. 0-0 Be7 8. Nbc3 0-0 9. Bf4 Nb6 10. b3 Nbd5 11. Qd2 Nxf4 12. Qxf4 Nd5 13. Nxd5 exd5 14. Ng3 Bd6 15. Qd2 Re8 16. Rae1 Be6 17. Nh5 Qc7 18. g3 Bh3 19. Bg2 Bg4 20. Nf4 Bxf4 21. gxf4 Qd7 22. Qd3 Bf5 23. Qd2 Rxe1 24. Rxe1 Re8 25. c3 Be4 26. f3 Bf5 27. Re5 f6 28. Rxe8+ Qxe8 29. c4 Be6 30. cxd5 Bxd5 31. h3 Kf7 32. f5 Qd7 33. Qf4 b6 34. Qe3 Qxf5 35. Qf2 Qf4 36. b4 Qc1+ 37. Kh2 Qc4 38. Qd2 Qxa2 39. Qf4 Qe2 40. Qc7+ Qe7 41. Qxe7+ Kxe7 42. Kg3 Ke6 43. Kf4 a5 44. bxa5 bxa5 45. Bf1 a4 46. Bd3 g6 47. Bb1 a3 48. Ke3 a2 49. Bxa2 Bxa2 50. h4 h6 51. Ke4 Bb1+ 52. Ke3 Kf5 53. Kf2 Kf4 54. Ke2 Kg3 55. h5 g5 56. Ke3 f5 57. Ke2 f4 58. d5 cxd5 59. Kf1 Kxf3 60. Ke1 d4 61. Kd2 d3 62. Kc1 Ke2 63. Kxb1 d2 64. Kb2 d1Q 65. Kc3 Qd5 66. Kc2 Qd4 67. Kb3 Kd2 68. Ka3 Qb6 69. Ka4 Kc3 0-1

[Event "NRW Class2 0405"]
[Site "Germany"]
[Date "2004.12.12"]
[Round "4.8"]
[White "Zhang, Fan"]
[Black "Meyer, Peter"]
[Result "0-1"]
[WhiteElo "2055"]
[BlackElo "2306"]
[PlyCount "36"]
[EventDate "2004.10.10"]
[EventType "team-tourn"]
[EventRounds "9"]
[EventCountry "GER"]
[SourceTitle "EXT 2006"]
[Source "ChessBase"]
[SourceDate "2005.11.24"]
[SourceVersion "1"]
[SourceVersionDate "2005.11.24"]
[SourceQuality "1"]
[WhiteTeam "Bochum II"]
[BlackTeam "Plettenberg"]
[WhiteTeamCountry "GER"]
[BlackTeamCountry "GER"]

1. d4 f5 2. Nc3 Nf6 3. Bg5 d5 4. Bxf6 exf6 5. e3 Be6 6. Bd3 Nc6 7. Nge2 Qd7 8. Nf4 Bf7 9. a3 0-0-0 10. Qf3 Kb8 11. 0-0-0 g5 12. Nfe2 Be6 13. Ng3 g4 14. Qf4 Ne7 15. Nh5 Qe8 16. Nb5 Rc8 17. Nxf6 Qf7 18. Nh5 Qxh5 0-1

[Event "Oberliga NRW 0203 II"]
[Site "Germany"]
[Date "2003.04.06"]
[Round "8.5"]
[White "Meyer, Peter"]
[Black "Ahn, Martin"]
[Result "1/2-1/2"]
[WhiteElo "2344"]
[BlackElo "2297"]
[PlyCount "88"]
[EventDate "2002.10.06"]
[EventType "team-tourn"]
[EventRounds "9"]
[EventCountry "GER"]
[SourceTitle "EXT 2004"]
[Source "ChessBase"]
[SourceDate "2003.11.25"]
[SourceVersion "1"]
[SourceVersionDate "2003.11.25"]
[SourceQuality "1"]
[WhiteTeam "Plettenberg"]
[BlackTeam "Gelsenkirchen"]
[WhiteTeamCountry "GER"]
[BlackTeamCountry "GER"]

1. Nf3 Nf6 2. g3 g6 3. Bg2 Bg7 4. 0-0 0-0 5. d3 d6 6. e4 c5 7. Nbd2 Nc6 8. a4 Rb8 9. Nc4 d5 10. exd5 Nxd5 11. c3 b6 12. Re1 Bb7 13. Qb3 Qc7 14. Bd2 Rfd8 15. Rad1 Ba8 16. Bc1 a6 17. Ne3 Na5 18. Qa3 e6 19. Nxd5 Rxd5 20. Bf4 e5 21. c4 Nxc4 22. dxc4 Rxd1 23. Rxd1 exf4 24. Qb3 fxg3 25. hxg3 Re8 26. Rd2 Bc6 27. Qd1 Bf6 28. b3 Kg7 29. Nh2 Bxg2 30. Kxg2 Rd8 31. Rd5 h5 32. Nf3 Rxd5 33. Qxd5 Qe7 34. a5 bxa5 35. Qc6 Bd4 36. Nxd4 cxd4 37. Qd5 Qa7 38. c5 d3 39. c6 Qb6 40. Qe5+ Kh7 41. Qd5 d2 42. Qxf7+ Kh6 43. Qf8+ Kh7 44. Qf7+ Kh6 1/2-1/2

[Event "Oberliga NRW 0102 II"]
[Site "Germany"]
[Date "2002.02.17"]
[Round "6.4"]
[White "Lupor, Andre"]
[Black "Meyer, Peter"]
[Result "0-1"]
[WhiteElo "2183"]
[BlackElo "2365"]
[PlyCount "80"]
[EventDate "2001.10.??"]
[EventType "team-tourn"]
[EventRounds "9"]
[EventCountry "GER"]
[SourceTitle "EXT 2004"]
[Source "ChessBase"]
[SourceDate "2003.11.25"]
[SourceVersion "1"]
[SourceVersionDate "2003.11.25"]
[SourceQuality "1"]
[WhiteTeam "Gerresheim"]
[BlackTeam "Plettenberg"]
[WhiteTeamCountry "GER"]
[BlackTeamCountry "GER"]

1. d4 Nf6 2. c4 e6 3. g3 d5 4. Nf3 Be7 5. Bg2 0-0 6. 0-0 dxc4 7. Qc2 a6 8. Qxc4 b5 9. Qc2 Bb7 10. Bd2 Be4 11. Qc1 Qc8 12. Be3 Nbd7 13. Nbd2 Bd5 14. Nb3 a5 15. Ne1 Bxg2 16. Kxg2 a4 17. Nd2 c5 18. dxc5 Nxc5 19. Bxc5 Bxc5 20. Nd3 Qb7+ 21. Kg1 Be7 22. Qb1 Rfd8 23. a3 e5 24. Rd1 e4 25. Nf4 Bd6 26. Ng2 Be5 27. Qa2 Rd4 28. Ne3 g6 29. Ndf1 b4 30. Rxd4 Bxd4 31. axb4 Qxb4 32. Nc4 Ng4 33. e3 Bg7 34. Nfd2 Nf6 35. Qb1 Qc5 36. Qc2 Qc6 37. Ra2 Bf8 38. Qc3 Nd5 39. Qe5 f5 40. h4 Bg7 0-1

[Event "AUT-chT 0001"]
[Site "Austria"]
[Date "2001.03.18"]
[Round "11.4"]
[White "Meyer, Peter"]
[Black "Kotz, Heinz Peter"]
[Result "0-1"]
[WhiteElo "2359"]
[BlackElo "2332"]
[PlyCount "68"]
[EventDate "2000.10.21"]
[EventType "team-tourn"]
[EventRounds "11"]
[EventCountry "AUT"]
[SourceTitle "EXT 2001"]
[Source "ChessBase"]
[SourceDate "2000.11.22"]
[SourceVersion "1"]
[SourceVersionDate "2000.11.22"]
[SourceQuality "1"]
[WhiteTeam "Wiener Neustadt"]
[BlackTeam "Gleisdorf"]
[WhiteTeamCountry "AUT"]
[BlackTeamCountry "AUT"]

1. c4 g6 2. g3 Bg7 3. Bg2 e5 4. Nc3 Nc6 5. e4 Nge7 6. Nge2 0-0 7. 0-0 f5 8. d3 d6 9. Be3 Nd4 10. f3 Nec6 11. Qd2 Ne6 12. Nd5 Ncd4 13. Nxd4 exd4 14. Bh6 Bxh6 15. Qxh6 c6 16. exf5 Rxf5 17. Nb4 Nf4 18. Rfe1 a5 19. Nc2 Nxg2 20. Kxg2 c5 21. Re4 Bd7 22. Rae1 Qf8 23. Qh4 Bc6 24. Re7 Rh5 25. Qf4 Bxf3+ 26. Kg1 Qxf4 27. gxf4 Rf8 28. Kf2 Rxf4 29. Kg3 Rhf5 30. h3 Bc6 31. R1e6 Rf3+ 32. Kg4 h5+ 33. Kh4 R3f4+ 34. Kg3 h4+ 0-1

[Event "AUT-chT 0001"]
[Site "Austria"]
[Date "2001.03.17"]
[Round "10.4"]
[White "Weinzettl, Ernst"]
[Black "Meyer, Peter"]
[Result "0-1"]
[WhiteElo "2412"]
[BlackElo "2359"]
[PlyCount "80"]
[EventDate "2000.10.21"]
[EventType "team-tourn"]
[EventRounds "11"]
[EventCountry "AUT"]
[SourceTitle "EXT 2001"]
[Source "ChessBase"]
[SourceDate "2000.11.22"]
[SourceVersion "1"]
[SourceVersionDate "2000.11.22"]
[SourceQuality "1"]
[WhiteTeam "Hietzing/Fischer SK"]
[BlackTeam "Wiener Neustadt"]
[WhiteTeamCountry "AUT"]
[BlackTeamCountry "AUT"]

1. e4 c5 2. Nf3 Nc6 3. Nc3 e6 4. d4 cxd4 5. Nxd4 Qc7 6. f4 a6 7. Nxc6 bxc6 8. Bd3 d5 9. 0-0 Nf6 10. Kh1 Be7 11. Qe2 0-0 12. e5 Nd7 13. Na4 f5 14. exf6 Nxf6 15. c4 c5 16. Nc3 Kh8 17. Bd2 Bd6 18. Rae1 Bd7 19. Bc2 Rae8 20. Qd3 d4 21. Ne4 Nxe4 22. Qxe4 g6 23. b4 Bc6 24. Qd3 Bxf4 25. bxc5 Be5 26. Qh3 Rxf1+ 27. Rxf1 Kg8 28. Bh6 Bg7 29. Bxg7 Qxg7 30. Qg4 Qe5 31. Rd1 Rf8 32. Bxg6 Rf4 33. Qg3 hxg6 34. Qxg6+ Kf8 35. Qh6+ Kf7 36. Qh7+ Qg7 37. Qh5+ Qg6 38. Qe2 e5 39. Re1 Rg4 40. Rg1 e4 0-1

[Event "BL2-West 0001"]
[Site "Germany"]
[Date "2000.11.12"]
[Round "2.5"]
[White "Meyer, Peter"]
[Black "Solleveld, Maarten"]
[Result "1/2-1/2"]
[WhiteElo "2359"]
[BlackElo "2426"]
[PlyCount "92"]
[EventDate "2000.10.15"]
[EventType "team-tourn"]
[EventRounds "9"]
[EventCountry "GER"]
[SourceTitle "CBM 082 Extra"]
[Source "ChessBase"]
[SourceDate "2001.07.03"]
[SourceVersion "1"]
[SourceVersionDate "2001.07.03"]
[SourceQuality "1"]
[WhiteTeam "Plettenberg"]
[BlackTeam "Heiligenhaus"]
[WhiteTeamCountry "GER"]
[BlackTeamCountry "GER"]

1. c4 g6 2. g3 Bg7 3. Bg2 Nf6 4. Nc3 0-0 5. d3 e5 6. e4 d6 7. Nge2 a6 8. 0-0 c6 9. h3 b5 10. a3 Be6 11. b3 Qd7 12. Kh2 a5 13. cxb5 cxb5 14. d4 Qb7 15. f4 Na6 16. f5 Bd7 17. Bg5 Bc6 18. b4 h6 19. Be3 axb4 20. axb4 Nxb4 21. Rxa8 Qxa8 22. Qb3 Na6 23. fxg6 Qe8 24. gxf7+ Qxf7 25. Qa3 Qb7 26. Qxd6 b4 27. Nd5 Bxd5 28. exd5 e4 29. Nf4 Rf7 30. Ra1 Nc7 31. Qc6 Ncxd5 32. Qxb7 Rxb7 33. Nxd5 Nxd5 34. Bxe4 Rd7 35. Bf2 Nc3 36. Bf5 Rd8 37. Ra7 Bxd4 38. Bxd4 Rxd4 39. g4 b3 40. Be6+ Kh8 41. Bxb3 Ne4 42. Kg2 Rd2+ 43. Kf3 Ng5+ 44. Ke3 Rh2 45. Bd5 Nxh3 46. Ke4 Rf2 1/2-1/2

[Event "BL2-West 9697"]
[Site "Germany"]
[Date "1997.??.??"]
[Round "?.5"]
[White "Baum, Bernd"]
[Black "Meyer, Peter"]
[Result "0-1"]
[WhiteElo "2270"]
[BlackElo "2330"]
[PlyCount "88"]
[EventDate "1996.10.??"]
[EventType "team-tourn"]
[EventRounds "9"]
[EventCountry "GER"]
[SourceTitle "GER-chT2"]
[Source "ChessBase"]
[SourceDate "1999.07.01"]
[SourceVersion "1"]
[SourceVersionDate "1999.07.01"]
[SourceQuality "1"]
[WhiteTeam "Griesheim"]
[BlackTeam "Plettenberg"]
[WhiteTeamCountry "GER"]
[BlackTeamCountry "GER"]

1. c4 Nf6 2. g3 e6 3. Nf3 b6 4. Bg2 Bb7 5. 0-0 Be7 6. b3 0-0 7. Bb2 c5 8. e3 d6 9. Nc3 a6 10. Qe2 Qc7 11. Rac1 Nbd7 12. e4 Rfe8 13. d4 cxd4 14. Nxd4 Bf8 15. Rfd1 Rac8 16. h3 Qb8 17. Re1 Qa8 18. g4 g6 19. Rcd1 Nc5 20. Qe3 e5 21. Nc2 b5 22. cxb5 axb5 23. Nb4 Qa5 24. a3 Ne6 25. Rd2 Nf4 26. Bf1 h6 27. Kh2 Rxc3 28. Qxc3 Rc8 29. Qf3 Nh7 30. h4 Nf6 31. Bh3 g5 32. hxg5 hxg5 33. Bf1 Qa8 34. Bd3 Be7 35. Bb1 Kg7 36. Kg1 Rh8 37. Qg3 Rh3 38. Qxh3 Nxh3+ 39. Kh2 Nf4 40. f3 Qh8+ 41. Kg1 Qh4 42. Rf1 Qg3+ 43. Kh1 Qh3+ 44. Kg1 Bd8 0-1

[Event "BL2-West 9697"]
[Site "Germany"]
[Date "1997.??.??"]
[Round "?.5"]
[White "Schmidt, Bodo"]
[Black "Meyer, Peter"]
[Result "1-0"]
[WhiteElo "2350"]
[BlackElo "2330"]
[PlyCount "91"]
[EventDate "1996.10.??"]
[EventType "team-tourn"]
[EventRounds "9"]
[EventCountry "GER"]
[SourceTitle "GER-chT2"]
[Source "ChessBase"]
[SourceDate "1999.07.01"]
[SourceVersion "1"]
[SourceVersionDate "1999.07.01"]
[SourceQuality "1"]
[WhiteTeam "Godesberg"]
[BlackTeam "Plettenberg"]
[WhiteTeamCountry "GER"]
[BlackTeamCountry "GER"]

1. Nf3 Nf6 2. d4 e6 3. Bg5 c5 4. c3 h6 5. Bxf6 Qxf6 6. e4 Qd8 7. Nbd2 b6 8. Bd3 Bb7 9. 0-0 Be7 10. Rc1 0-0 11. Qe2 d6 12. dxc5 bxc5 13. e5 d5 14. c4 Qb6 15. Rfe1 Nc6 16. Nf1 Nb4 17. Bb1 dxc4 18. Rxc4 Qa6 19. Ne3 Rfd8 20. a3 Nc6 21. Qc2 g6 22. Ng4 Nd4 23. Nxd4 Rxd4 24. Nxh6+ Kf8 25. Rxd4 cxd4 26. Qd2 Kg7 27. Qf4 Rf8 28. Ng4 g5 29. Qxd4 Rd8 30. Qe3 Qc6 31. Qh3 Rh8 32. Qg3 Qb5 33. b4 Rd8 34. Qh3 Rh8 35. Qc3 Rc8 36. Qh3 Rh8 37. Qg3 Rd8 38. Ne3 a5 39. h4 axb4 40. hxg5 bxa3 41. g6 Qb4 42. gxf7+ Kxf7 43. Bg6+ Kg7 44. Rb1 a2 45. Rxb4 a1Q+ 46. Rb1 1-0

[Event "BL2-West 9697"]
[Site "Germany"]
[Date "1996.??.??"]
[Round "?.6"]
[White "Meyer, Peter"]
[Black "Matthaei, Alexander"]
[Result "1/2-1/2"]
[WhiteElo "2330"]
[BlackElo "2385"]
[PlyCount "85"]
[EventDate "1996.10.??"]
[EventType "team-tourn"]
[EventRounds "9"]
[EventCountry "GER"]
[SourceTitle "GER-chT2"]
[Source "ChessBase"]
[SourceDate "1999.07.01"]
[SourceVersion "1"]
[SourceVersionDate "1999.07.01"]
[SourceQuality "1"]
[WhiteTeam "Plettenberg"]
[BlackTeam "Koeln Porz II"]
[WhiteTeamCountry "GER"]
[BlackTeamCountry "GER"]

1. Nf3 Nf6 2. c4 g6 3. g3 Bg7 4. Bg2 0-0 5. 0-0 c6 6. d4 d5 7. cxd5 cxd5 8. Ne5 e6 9. Nc3 Nfd7 10. Nxd7 Bxd7 11. Be3 Nc6 12. Qd2 Re8 13. Rac1 Qa5 14. Rfd1 b5 15. b3 Qb6 16. f3 Ne7 17. Bf2 b4 18. Nb1 Rec8 19. e3 a5 20. Rxc8+ Rxc8 21. Rc1 Rc6 22. Rxc6 Qxc6 23. a3 a4 24. bxa4 b3 25. Bf1 Qc2 26. Bd3 Qxd2 27. Nxd2 Bxa4 28. Nb1 Nc8 29. Kf1 e5 30. Ke2 Nd6 31. Kd2 exd4 32. exd4 Bf8 33. Kc3 Nb7 34. Ba6 Na5 35. Kd3 Bd7 36. g4 h5 37. h3 hxg4 38. hxg4 f5 39. Be1 fxg4 40. fxg4 Bxg4 41. Bxa5 Bf5+ 42. Kc3 Bxb1 43. Kxb3 1/2-1/2

[Event "BL2-West 9596"]
[Site "Germany"]
[Date "1995.??.??"]
[Round "?.4"]
[White "Doncevic, Dario"]
[Black "Meyer, Peter"]
[Result "1-0"]
[WhiteElo "2355"]
[BlackElo "2350"]
[PlyCount "49"]
[EventDate "1995.10.??"]
[EventType "team-tourn"]
[EventRounds "9"]
[EventCountry "GER"]
[SourceTitle "GER-chT2"]
[Source "ChessBase"]
[SourceDate "1999.07.01"]
[SourceVersion "1"]
[SourceVersionDate "1999.07.01"]
[SourceQuality "1"]
[WhiteTeam "Andernach"]
[BlackTeam "Plettenberg"]
[WhiteTeamCountry "GER"]
[BlackTeamCountry "GER"]

1. e4 c5 2. Nf3 e6 3. Qe2 Nc6 4. g3 Nge7 5. h4 d5 6. d3 b6 7. Nbd2 Ba6 8. Bg2 Nb4 9. Qd1 dxe4 10. Nxe4 Nec6 11. 0-0 Nxc2 12. Bg5 Qxd3 13. Qc1 N2d4 14. Nxd4 Nxd4 15. Re1 Nf3+ 16. Bxf3 Qxf3 17. Re3 Qf5 18. Qc2 Qd5 19. Qa4+ Qd7 20. Qxa6 h6 21. Bf6 Qc6 22. Bc3 Rd8 23. Nf6+ gxf6 24. Bxf6 Rd4 25. Bxh8 1-0

[Event "Budapest FS08 IM-A"]
[Site "Budapest"]
[Date "1995.??.??"]
[Round "7"]
[White "Madl, Ildiko"]
[Black "Meyer, Peter"]
[Result "1/2-1/2"]
[WhiteElo "2370"]
[BlackElo "2350"]
[PlyCount "111"]
[EventDate "1995.08.??"]
[EventType "tourn"]
[EventRounds "13"]
[EventCountry "HUN"]
[EventCategory "3"]
[SourceTitle "EXT 1997"]
[Source "ChessBase"]
[SourceDate "1996.11.15"]
[SourceVersion "1"]
[SourceVersionDate "1996.11.15"]
[SourceQuality "1"]

1. e4 e6 2. d4 d5 3. Nc3 Nf6 4. Bg5 dxe4 5. Nxe4 Be7 6. Bxf6 gxf6 7. Nf3 b6 8. Bc4 Bb7 9. Qe2 c6 10. 0-0-0 Qc7 11. Kb1 Nd7 12. Rhe1 0-0-0 13. Ba6 Rhg8 14. Bxb7+ Kxb7 15. g3 f5 16. Ned2 h5 17. Nc4 h4 18. Rd3 hxg3 19. hxg3 Bf6 20. Qd2 Nf8 21. Nfe5 Ng6 22. Nxg6 Rxg6 23. a3 Rg4 24. f4 Rgg8 25. Rd1 Rd5 26. Qe2 Rgd8 27. Ne5 Bxe5 28. dxe5 Qd7 29. Qf3 Kc7 30. Qe2 b5 31. Rxd5 exd5 32. Rh1 d4 33. Rh5 Qe6 34. Qd3 Qd5 35. Qxf5 c5 36. Rh7 Rd7 37. Rh2 c4 38. g4 a5 39. g5 d3 40. cxd3 cxd3 41. Rd2 Qh1+ 42. Ka2 Qc1 43. e6 fxe6 44. Qe5+ Kc8 45. Qc3+ Qxc3 46. bxc3 Kc7 47. g6 Rg7 48. Rxd3 Rxg6 49. a4 Kc6 50. Kb3 bxa4+ 51. Kxa4 Rg4 52. Rd4 Rg3 53. Kb3 Re3 54. Rd8 Re4 55. Ra8 Rxf4 56. Rxa5 1/2-1/2

[Event "BL2-West 9596"]
[Site "Germany"]
[Date "1995.??.??"]
[Round "?.4"]
[White "Meyer, Peter"]
[Black "Balster, Stefan"]
[Result "1/2-1/2"]
[WhiteElo "2350"]
[BlackElo "2290"]
[PlyCount "55"]
[EventDate "1995.10.??"]
[EventType "team-tourn"]
[EventRounds "9"]
[EventCountry "GER"]
[SourceTitle "GER-chT2"]
[Source "ChessBase"]
[SourceDate "1999.07.01"]
[SourceVersion "1"]
[SourceVersionDate "1999.07.01"]
[SourceQuality "1"]
[WhiteTeam "Plettenberg"]
[BlackTeam "Gelsenkirchen"]
[WhiteTeamCountry "GER"]
[BlackTeamCountry "GER"]

1. Nf3 c5 2. c4 Nf6 3. Nc3 d5 4. cxd5 Nxd5 5. Qa4+ Nc6 6. Ne5 Nxc3 7. dxc3 Bd7 8. Nxd7 Qxd7 9. e4 a6 10. Bf4 e5 11. Be3 Rd8 12. Be2 Be7 13. 0-0 0-0 14. Qc2 b5 15. a4 Qb7 16. axb5 axb5 17. Qb3 Rb8 18. Rfd1 c4 19. Qc2 Ra8 20. h3 Rxa1 21. Rxa1 Rd8 22. b3 Nd4 23. Bxd4 exd4 24. bxc4 dxc3 25. Qxc3 Qxe4 26. Re1 b4 27. Bf3 bxc3 28. Bxe4 1/2-1/2

[Event "BL2-West 9495"]
[Site "Germany"]
[Date "1995.??.??"]
[Round "7.6"]
[White "Meyer, Peter"]
[Black "Gallinnis, Norbert"]
[Result "1/2-1/2"]
[WhiteElo "2335"]
[BlackElo "2280"]
[PlyCount "120"]
[EventDate "1994.10.??"]
[EventType "team-tourn"]
[EventRounds "9"]
[EventCountry "GER"]
[SourceTitle "GER-chT2"]
[Source "ChessBase"]
[SourceDate "1999.07.01"]
[SourceVersion "1"]
[SourceVersionDate "1999.07.01"]
[SourceQuality "1"]
[WhiteTeam "Plettenberg"]
[BlackTeam "Koeln Porz II"]
[WhiteTeamCountry "GER"]
[BlackTeamCountry "GER"]

1. Nf3 f5 2. c4 Nf6 3. Nc3 g6 4. d4 c6 5. Qc2 Bg7 6. g3 d6 7. Bg2 0-0 8. 0-0 Na6 9. Rd1 Bd7 10. a3 Rb8 11. b4 Nc7 12. Bb2 b5 13. cxb5 Nxb5 14. Nxb5 Rxb5 15. Nd2 Nd5 16. Nc4 f4 17. Na5 Qe8 18. Rf1 Kh8 19. Rac1 fxg3 20. hxg3 Bh6 21. Rce1 Bg7 22. e4 Nc7 23. Rc1 Ne6 24. d5 cxd5 25. Bxg7+ Nxg7 26. exd5 e5 27. dxe6 Qxe6 28. Rce1 Re5 29. Rxe5 dxe5 30. Qc5 Rc8 31. Qxa7 Nf5 32. Qb7 Nd4 33. Re1 Nc2 34. Rd1 Nd4 35. Qe4 Kg7 36. f4 Rc2 37. Qxe5+ Qxe5 38. fxe5 Ne2+ 39. Kh2 Bf5 40. Nb3 Rc3 41. Nd4 Nxd4 42. Rxd4 Rxa3 43. Bd5 Re3 44. g4 Bc8 45. b5 Rxe5 46. b6 h5 47. b7 Bxb7 48. Bxb7 hxg4 49. Rxg4 Kh6 50. Rb4 Rg5 51. Bf3 Rf5 52. Kg3 Rf6 53. Be4 Kg5 54. Rb5+ Kh6 55. Kg4 Rd6 56. Kf4 Ra6 57. Ke5 Kg5 58. Rb1 Kh6 59. Bd5 Kg7 60. Rb8 Kh6 1/2-1/2

[Event "BL2-West 9495"]
[Site "Germany"]
[Date "1995.??.??"]
[Round "3.5"]
[White "Schlick, Volker"]
[Black "Meyer, Peter"]
[Result "0-1"]
[WhiteElo "2315"]
[BlackElo "2335"]
[PlyCount "66"]
[EventDate "1994.10.??"]
[EventType "team-tourn"]
[EventRounds "9"]
[EventCountry "GER"]
[SourceTitle "GER-chT2"]
[Source "ChessBase"]
[SourceDate "1999.07.01"]
[SourceVersion "1"]
[SourceVersionDate "1999.07.01"]
[SourceQuality "1"]
[WhiteTeam "Koblenz"]
[BlackTeam "Plettenberg"]
[WhiteTeamCountry "GER"]
[BlackTeamCountry "GER"]

1. e4 e6 2. d4 d5 3. Nc3 Nf6 4. Bg5 dxe4 5. Nxe4 Be7 6. Nxf6+ Bxf6 7. Bxf6 Qxf6 8. Nf3 0-0 9. Bd3 c5 10. Qe2 cxd4 11. Qe4 g6 12. Qxd4 Qxd4 13. Nxd4 Rd8 14. Nf3 Nc6 15. 0-0-0 Bd7 16. c3 Rac8 17. Bc2 Be8 18. b4 Rxd1+ 19. Rxd1 Ne7 20. Bb3 Rxc3+ 21. Kb2 Rc7 22. Ne5 Kg7 23. a4 f6 24. Nd3 e5 25. Nc5 Bf7 26. Rd8 Nc6 27. Ra8 Nxb4 28. Ne6+ Bxe6 29. Bxe6 Nd3+ 30. Ka3 b6 31. g4 Re7 32. Bc8 Nxf2 33. Kb4 e4 0-1

[Event "BL2-West 9495"]
[Site "Germany"]
[Date "1995.??.??"]
[Round "2.6"]
[White "Wintzer, Joachim"]
[Black "Meyer, Peter"]
[Result "0-1"]
[WhiteElo "2300"]
[BlackElo "2335"]
[PlyCount "100"]
[EventDate "1994.10.??"]
[EventType "team-tourn"]
[EventRounds "9"]
[EventCountry "GER"]
[SourceTitle "GER-chT2"]
[Source "ChessBase"]
[SourceDate "1999.07.01"]
[SourceVersion "1"]
[SourceVersionDate "1999.07.01"]
[SourceQuality "1"]
[WhiteTeam "Godesberg"]
[BlackTeam "Plettenberg"]
[WhiteTeamCountry "GER"]
[BlackTeamCountry "GER"]

1. c4 c5 2. Nc3 g6 3. d4 cxd4 4. Qxd4 Nf6 5. Bg5 Bg7 6. Nf3 Nc6 7. Qd2 h6 8. Bh4 g5 9. Bg3 Nh5 10. e3 d6 11. Be2 Bf5 12. 0-0 Rc8 13. Nb5 Nxg3 14. hxg3 0-0 15. Rac1 Qb6 16. Rfd1 Rcd8 17. Nfd4 Bc8 18. Nc3 Nxd4 19. exd4 Be6 20. b3 d5 21. c5 Qc7 22. b4 f5 23. f4 Rf6 24. Bf3 g4 25. Be2 h5 26. Kf2 Rh6 27. Rh1 Kf7 28. Bd1 Bc8 29. Nb5 Qb8 30. Bb3 Be6 31. Qe3 Rdh8 32. Rce1 Rg6 33. Nc3 Qd8 34. Re2 Rhh6 35. a3 Qh8 36. Rd2 h4 37. Ke2 hxg3 38. Rxh6 Qxh6 39. Qxg3 Qh8 40. Bxd5 Bxd4 41. Nb5 Bxd5 42. Nxd4 Qh1 43. Kf2 Be4 44. Ne2 Ra6 45. Qb3+ Re6 46. Qg3 Bc6 47. Ng1 Re1 48. Qb3+ e6 49. Ne2 Rf1+ 50. Ke3 Rf3+ 0-1

[Event "Bundesliga 9394"]
[Site "Germany"]
[Date "1994.02.26"]
[Round "8.7"]
[White "Meyer, Peter"]
[Black "Keitlinghaus, Ludger"]
[Result "0-1"]
[WhiteElo "2345"]
[BlackElo "2510"]
[PlyCount "82"]
[EventDate "1993.11.06"]
[EventType "team-tourn"]
[EventRounds "15"]
[EventCountry "GER"]
[SourceTitle "GER-chT"]
[Source "ChessBase"]
[SourceDate "1999.07.01"]
[SourceVersion "1"]
[SourceVersionDate "1999.07.01"]
[SourceQuality "1"]
[WhiteTeam "Dresden"]
[BlackTeam "Stadthagen"]
[WhiteTeamCountry "GER"]
[BlackTeamCountry "GER"]

1. Nf3 d5 2. c4 c6 3. d4 Nf6 4. e3 Bf5 5. Qb3 Qb6 6. c5 Qxb3 7. axb3 Bxb1 8. Rxb1 Nbd7 9. b4 a6 10. Ra1 Rb8 11. Bd3 g6 12. Bd2 Bg7 13. Bc3 0-0 14. 0-0 Ne8 15. Nd2 e5 16. dxe5 Nxe5 17. Be2 f5 18. Nb3 Nc7 19. g3 Rfe8 20. Kg2 Re7 21. Rfd1 Kf7 22. Nd4 Bf6 23. h3 h5 24. Rh1 Rh8 25. Rae1 Ne6 26. Nb3 h4 27. f4 Nd7 28. g4 Bxc3 29. bxc3 Nf6 30. gxf5 gxf5 31. Bd3 Ne4 32. Bxe4 dxe4 33. Kf2 Rg8 34. Nd2 Rd7 35. Nc4 Ke7 36. Rhg1 Rxg1 37. Rxg1 Rd3 38. Rc1 Nc7 39. Rc2 Nd5 40. Ne5 Rxe3 41. c4 Rxh3 0-1